Otázka času, nebo koncepce?

Transformácia českého poľnohospodárstva v r. 1994 a problémy s ňou spojené. Vysoký podiel družstevného sektoru v ČR na rozdiel od dominantného postavenia rodinných fariem v poľnohospodárstve západných krajín. Medzistupeň vnútrodružstevného podnikania. Neopodstatnenosť apriórneho zavrhovania poľnohos...

Full description

Saved in:
Bibliographic Details
Main Author: Divila, E.
Format: Book Chapter
Language:Czech
Subjects:
Tags: Add Tag
No Tags, Be the first to tag this record!

MARC

LEADER 00000naa a2200000 4500
001 r014721
005 20221205090007.9
041 0 |a cze 
044 |a CZ 
245 1 0 |a Otázka času, nebo koncepce?  |c E. Divila 
520 |a Transformácia českého poľnohospodárstva v r. 1994 a problémy s ňou spojené. Vysoký podiel družstevného sektoru v ČR na rozdiel od dominantného postavenia rodinných fariem v poľnohospodárstve západných krajín. Medzistupeň vnútrodružstevného podnikania. Neopodstatnenosť apriórneho zavrhovania poľnohospodárskych výrobných družstiev ako neefektívnej podnikovej formy. Predpoklad zhruba vyrovnaného podielu družstiev, obchodných spoločností a súkromných fariem. 
610 2 0 |a poľnohospodárstvo 
610 2 0 |a transformácia 
610 2 0 |a Česko 
610 2 0 |a družstvá poľnohospodárske 
610 2 0 |a farmy 
100 1 |a Divila, E.